Datum a čas kvízu

22 Celkem bodů Celkový počet nahraných bodů na tomto kvízu bez doplňovacích otázek.
12. Pořadí na kvízu Konečné umístění týmu na tomto kvízu.

Zaznamenané odpovědi

# Otázka Odpověď Body Výsledky
1. Bývalý fotbalista Tomáš Řepka... 2,5 roku 0
2. Bílý dům chtěl po americkém ná... John McCain 0
3. V úterý byly před zlínským Vel... Helena Vondráčková, Jan Hrušínský 0
4. Italsko-americká automobilka F... Renault 1
5. Jasně, stručně a výstižně popi... Nevěděl, jak zápas skončil. 1
6. Začneme složením vzduchu. Že j... 1D 2C 3A 4B 0
7. Kvalitě vzduchu v restauracích... 2. čtvrtletí 2017 1
8. Seřaďte první čtyři vrstvy atm... 1C 2D 3B 4A 0
9. Černé soustředné čáry na mapě... hektopascal (hPa) 0
10. Jak se nazývá dýchací systém n... vzdušnice 1